000 00736nmm a2200265 a 4500
003 AR-BaBNM
005 20251128211456.0
008 164020s2003 ||||||||||||||000 | spa||
020 _a958-682-519-1
040 _cAR-BaBNM
100 1 _aDeininger, Klaus
245 1 0 _aPolíticas de tierras para el crecimiento y la reducción de la pobreza
260 _aBogotá
_bBanco Mundial
_c2003
_bAlafaomega
300 _a240 p.
_btablas, gráfs.
650 4 _aREPARTO DE TIERRAS
650 4 _aDESARROLLO ECONOMICO Y SOCIAL
650 4 _aPOLITICA AGRARIA
650 4 _aPRODUCCION AGRICOLA
650 4 _aTIERRA
650 4 _aPOLITICA AGRARIA
650 4 _aPOLITICA SOCIAL
650 4 _aPOBREZA
942 _cBK
998 _cmariana
999 _c19802
_d19802